000 00330 a2200157 4500
001 162492
020 _a
040 _cMagnum
100 _aRosell, Joel Franz
240 1 0 _aEra uma vez um jovem mago
_lpor
245 1 0 _aEra uma vez um jovem mago
362 0 _a1899
440 1 _aModerna
697 _aJ/FICCAO
942 _cBK
999 _c162492
_d162492